000 00815nam a2200265 a 4500
001 BRCA_8242
005 20190320210207.0
008 270514s1952----gw-a###f##---#001-0#ger-#
041 _ager
044 _agw
050 4 _aAG35
_bL36 1952
100 1 _aLamer, Hans
_920558
245 1 0 _aWörterbuch der antike
_bmit berücksichtigung ihres fortwirkens
_cVerfasst von Hans Lamer ; in verbindung mit Ernst Bux und Wilhelm Schöne.
260 _aStuttgart
_bKröner
_c1952
300 _a883 p.
_bil., mapas, tablas
_c18 cm.
440 0 _aKröners Taschenausgabe
_n96
_920559
500 _aT76
650 1 4 _aEnciclopedias y diccionarios
_99441
650 1 4 _aConsulta
_920560
650 1 4 _aReferencia
_920561
700 1 _aBux, Ernst
_920562
700 1 _aSchöne, Wilhelm
_920563
902 _aGFM
942 _2lcc
_cB
999 _c7910
_d7910